[Event "TUR-chT 1st League"]
[Site "Konya"]
[Date "2019.07.28"]
[Round "9.1"]
[White "Tirak, Mert"]
[Black "Koksal, Ege"]
[Result "0-1"]
[WhiteElo "1997"]
[BlackElo "2368"]
[PlyCount "120"]
[EventDate "2019.07.22"]
[EventType "team-swiss"]
[EventRounds "9"]
[EventCountry "TUR"]
[SourceTitle "CBM 191 Extra"]
[Source "ChessBase"]
[SourceDate "2019.09.30"]
[SourceVersion "1"]
[SourceVersionDate "2019.09.30"]
[SourceQuality "1"]
[WhiteTeam "Bogazici Universitesi"]
[BlackTeam "Bayegan Pendik"]
[WhiteTeamCountry "TUR"]
[BlackTeamCountry "TUR"]

1. e4 e6 2. d4 d5 3. exd5 exd5 4. Nf3 Bd6 5. Bd3 Ne7 6. 0-0 0-0 7. Re1 Bf5 8. Bg5 f6 9. Bh4 Nbc6 10. c3 Qd7 11. Bg3 Rae8 12. Qc2 Bxd3 13. Qxd3 Ng6 14. Nbd2 Bf4 15. Nf1 Nce7 16. Re2 Nc8 17. Rae1 Nd6 18. Nh4 Bxg3 19. hxg3 Nxh4 20. gxh4 Re4 21. g3 Qa4 22. b3 Qc6 23. f3 Rxe2 24. Rxe2 Re8 25. Rxe8+ Qxe8 26. Ne3 c6 27. Kg2 Qe6 28. Nc2 Nf5 29. Kf2 g6 30. Ne3 Nd6 31. Ng2 g5 32. g4 Kg7 33. Qe3 Qxe3+ 34. Kxe3 f5 35. h5 fxg4 36. fxg4 Ne4 37. c4 Nf6 38. Kf3 dxc4 39. bxc4 Kf7 40. a4 Ke6 41. Ne3 b6 42. Nf5 Nxh5 43. d5+ cxd5 44. cxd5+ Ke5 45. Ne7 Nf6 46. Nc6+ Kxd5 47. Nxa7 Kc5 48. Nc8 h6 49. Ne7 Kb4 50. Nf5 Kxa4 51. Nxh6 b5 52. Nf5 b4 53. Ne3 b3 54. Nc4 Kb4 55. Nd2 b2 56. Ke3 Kc3 57. Nb1+ Kc2 58. Na3+ Kc1 59. Kd4 Nxg4 60. Ke4 Nh6 0-1

[Event "Istanbul op-A"]
[Site "Istanbul"]
[Date "2018.09.06"]
[Round "7"]
[White "Tirak, Mert"]
[Black "Ozkan, Taha"]
[Result "1-0"]
[WhiteElo "1941"]
[BlackElo "1997"]
[PlyCount "69"]
[EventDate "2018.09.02"]
[EventType "swiss"]
[EventRounds "9"]
[EventCountry "TUR"]
[SourceTitle "CBM 186 Extra"]
[Source "ChessBase"]
[SourceDate "2018.08.24"]
[SourceVersion "1"]
[SourceVersionDate "2018.08.24"]
[SourceQuality "1"]

1. e4 e6 2. b3 d5 3. Bb2 dxe4 4. Nc3 Nf6 5. Nge2 b6 6. Ng3 Bb7 7. Qe2 Be7 8. Ngxe4 0-0 9. 0-0-0 Nc6 10. f3 a5 11. a4 Nd4 12. Qf2 e5 13. g4 c6 14. Nxf6+ Bxf6 15. h4 b5 16. Qg3 c5 17. g5 Be7 18. Nxb5 Bxf3 19. Nxd4 Bxh1 20. Nf5 Re8 21. Nxg7 Kxg7 22. Qxe5+ f6 23. gxf6+ Bxf6 24. Qg5+ Kf7 25. Bc4+ Re6 26. Rf1 Ke7 27. Bxf6+ Rxf6 28. Qxf6+ Kd7 29. Qe6+ Kc7 30. Rf7+ Kb8 31. Qe5+ Kc8 32. Be6+ Qd7 33. Bxd7+ Kb7 34. Bb5+ Kc8 35. Qh8# 1-0

[Event "TUR Cup										"]
[Site "Antalya"]
[Date "2018.02.02"]
[Round "10"]
[White "Koltuk, Turan"]
[Black "Tirak, Mert"]
[Result "0-1"]
[WhiteElo "1821"]
[BlackElo "1937"]
[PlyCount "81"]
[EventDate "2018.01.27"]
[EventType "swiss"]
[EventRounds "11"]
[EventCountry "TUR"]
[SourceTitle "CBM 182 Extra"]
[Source "ChessBase"]
[SourceDate "2018.02.23"]
[SourceVersion "1"]
[SourceVersionDate "2018.02.23"]
[SourceQuality "1"]

1. d4 e6 2. c4 b6 3. Nf3 Bb7 4. g3 f5 5. Bg2 Nf6 6. 0-0 g6 7. Nc3 Bg7 8. Bg5 0-0 9. Qd2 d6 10. Bh6 Qe7 11. Bxg7 Kxg7 12. Rad1 h6 13. Rfe1 Ne4 14. Qc2 Nxc3 15. Qxc3 Nd7 16. Nh4 Bxg2 17. Nxg2 Nf6 18. f3 g5 19. e4 fxe4 20. fxe4 Ng4 21. Rf1 Rxf1+ 22. Rxf1 Rf8 23. Qe1 Rxf1+ 24. Qxf1 Qf6 25. Qxf6+ Nxf6 26. Kf2 Nxe4+ 27. Ke3 Nf6 28. h3 Kg6 29. Kf3 Nd7 30. Ne3 h5 31. b3 Kf6 32. Ke4 Nb8 33. d5 Na6 34. dxe6 Kxe6 35. Nc2 Nc5+ 36. Kd4 a5 37. g4 hxg4 38. hxg4 Nd7 39. Ne3 Nf6 40. Nd5 c5+ 41. Kd3 0-1

[Event "TUR Cup										"]
[Site "Antalya"]
[Date "2018.01.27"]
[Round "1"]
[White "Tirak, Mert"]
[Black "Ikizler, Metin"]
[Result "1-0"]
[WhiteElo "1937"]
[BlackElo "1603"]
[PlyCount "53"]
[EventDate "2018.01.27"]
[EventType "swiss"]
[EventRounds "11"]
[EventCountry "TUR"]
[SourceTitle "CBM 182 Extra"]
[Source "ChessBase"]
[SourceDate "2018.02.23"]
[SourceVersion "1"]
[SourceVersionDate "2018.02.23"]
[SourceQuality "1"]

1. e4 e6 2. b3 d5 3. Bb2 dxe4 4. Nc3 Nf6 5. Nge2 Be7 6. Ng3 0-0 7. Ngxe4 Nbd7 8. Qe2 b6 9. g4 Bb7 10. Bg2 Rb8 11. 0-0-0 Nd5 12. Nxd5 exd5 13. Ng3 a5 14. h4 Bf6 15. d4 Bxh4 16. Nf5 Bg5+ 17. Kb1 Nf6 18. Rdf1 Re8 19. Qd3 Ne4 20. f4 Be7 21. Bxe4 dxe4 22. Qh3 h6 23. Nxg7 Bf6 24. Nf5 Re6 25. Qxh6 b5 26. Qh7+ Kf8 27. Qh8+ 1-0

[Event "TUR-chT"]
[Site "Kocaeli"]
[Date "2017.07.27"]
[Round "2.5"]
[White "Tirak, Mert"]
[Black "Tari, Aryan"]
[Result "0-1"]
[WhiteElo "1909"]
[BlackElo "2595"]
[PlyCount "90"]
[EventDate "2017.07.26"]
[EventType "team-tourn"]
[EventRounds "13"]
[EventCountry "TUR"]
[SourceTitle "CBM 179 Extra"]
[Source "ChessBase"]
[SourceDate "2017.08.23"]
[SourceVersion "1"]
[SourceVersionDate "2017.08.23"]
[SourceQuality "1"]
[WhiteTeam "Istanbul Bogazici Univ"]
[BlackTeam "Manisa TS Alyans"]
[WhiteTeamCountry "TUR"]
[BlackTeamCountry "TUR"]

1. e4 e5 2. Nf3 Nc6 3. Nc3 Nf6 4. d4 exd4 5. Nxd4 Bb4 6. Nxc6 bxc6 7. Bd3 d5 8. exd5 0-0 9. 0-0 cxd5 10. Bg5 c6 11. Qf3 Be7 12. h3 Be6 13. b3 h6 14. Bh4 Re8 15. Ne2 Nd7 16. Bxe7 Qxe7 17. Qg3 Nf6 18. Nd4 Bd7 19. Nf5 Bxf5 20. Bxf5 Qc5 21. Qd3 Re5 22. Rae1 Rae8 23. Rxe5 Rxe5 24. a4 d4 25. Bg4 Nd5 26. Rd1 Nc3 27. Qxd4 Nxd1 28. Qxc5 Rxc5 29. Bxd1 Kf8 30. Kf1 Ke7 31. Ke1 Kd6 32. Kd2 Rd5+ 33. Kc1 c5 34. Be2 Rf5 35. Bf3 c4 36. Kd2 cxb3 37. cxb3 Kc5 38. Kc3 a5 39. Kb2 Kb4 40. Kc2 Rc5+ 41. Kb2 Rc3 42. Bd5 Rd3 43. Bxf7 Rd2+ 44. Kc1 Rxf2 45. Bd5 Kc3 0-1

[Event "TUR-chT"]
[Site "Kocaeli"]
[Date "2017.07.26"]
[Round "1.3"]
[White "Yaran, Siar"]
[Black "Tirak, Mert"]
[Result "1-0"]
[WhiteElo "2253"]
[BlackElo "1909"]
[PlyCount "59"]
[EventDate "2017.07.26"]
[EventType "team-tourn"]
[EventRounds "13"]
[EventCountry "TUR"]
[SourceTitle "CBM 179 Extra"]
[Source "ChessBase"]
[SourceDate "2017.08.23"]
[SourceVersion "1"]
[SourceVersionDate "2017.08.23"]
[SourceQuality "1"]
[WhiteTeam "Kahramanmaras Buyuksehir"]
[BlackTeam "Istanbul Bogazici Univ"]
[WhiteTeamCountry "TUR"]
[BlackTeamCountry "TUR"]

1. c4 c5 2. Nc3 Nc6 3. g3 g6 4. Bg2 Bg7 5. Nf3 Nf6 6. d4 cxd4 7. Nxd4 0-0 8. 0-0 Qb6 9. Nc2 d6 10. b3 Qa5 11. Qd2 Ng4 12. Bb2 Qh5 13. h3 Nge5 14. f4 Nd7 15. g4 Qc5+ 16. Kh2 Nf6 17. Rad1 h5 18. g5 Ne8 19. Ne3 a6 20. Ned5 e6 21. Ne4 Qa5 22. Ndf6+ Nxf6 23. Nxf6+ Bxf6 24. Bxf6 Qxd2 25. Rxd2 d5 26. cxd5 exd5 27. Bxd5 Nd8 28. Bxd8 Rxd8 29. Bxf7+ Kxf7 30. Rxd8 1-0

[Event "TUR-chT"]
[Site "Izmir"]
[Date "2016.07.27"]
[Round "3.6"]
[White "Yurtseven, Melih"]
[Black "Tirak, Mert"]
[Result "1-0"]
[WhiteElo "2318"]
[BlackElo "1943"]
[PlyCount "55"]
[EventDate "2016.07.25"]
[EventType "team-swiss"]
[EventRounds "13"]
[EventCountry "TUR"]
[SourceTitle "CBM 173 Extra"]
[Source "ChessBase"]
[SourceDate "2016.08.29"]
[SourceVersion "1"]
[SourceVersionDate "2016.08.29"]
[SourceQuality "1"]
[WhiteTeam "Kayseri Seker"]
[BlackTeam "Bogazici Universitesi"]
[WhiteTeamCountry "TUR"]
[BlackTeamCountry "TUR"]

1. e4 c5 2. Nf3 d6 3. Bb5+ Nd7 4. 0-0 a6 5. Bd3 Ngf6 6. c3 e6 7. Bc2 Be7 8. d4 b5 9. a4 Bb7 10. Re1 Nb6 11. b3 c4 12. bxc4 Nxc4 13. Nbd2 d5 14. Nxc4 dxc4 15. Bd2 0-0 16. Qb1 Qb6 17. e5 Nd5 18. Bxh7+ Kh8 19. Be4 Rab8 20. Qc2 Rfc8 21. Ng5 Bxg5 22. Bxg5 b4 23. Qd1 g6 24. Qf3 Kg7 25. Bxd5 exd5 26. e6 f5 27. Qg3 Rg8 28. Qe5+ 1-0

[Event "Manavgat Turkey Cup"]
[Site "Manavgat"]
[Date "2016.01.31"]
[Round "2"]
[White "Tirak, Mert"]
[Black "Ozbay, Ece"]
[Result "1-0"]
[WhiteElo "1915"]
[BlackElo "1742"]
[PlyCount "83"]
[EventDate "2016.01.30"]
[EventType "swiss"]
[EventRounds "11"]
[EventCountry "TUR"]
[SourceTitle "CBM 170 Extra"]
[Source "ChessBase"]
[SourceDate "2016.02.25"]
[SourceVersion "1"]
[SourceVersionDate "2016.02.25"]
[SourceQuality "1"]

1. e4 c5 2. Nf3 Nc6 3. d4 cxd4 4. Nxd4 g6 5. c4 Nf6 6. Nc3 d6 7. Be2 Nxd4 8. Qxd4 Bg7 9. 0-0 0-0 10. Qd1 Be6 11. Rb1 a6 12. b3 Rc8 13. Bb2 Qa5 14. a4 Rfd8 15. Re1 Nd7 16. Nd5 Bxd5 17. exd5 Bxb2 18. Rxb2 Qb4 19. Bg4 f5 20. Bh3 Rxc4 21. Rxe7 Rd4 22. Qc1 Ne5 23. g3 Qa5 24. b4 Qxd5 25. Rb1 Nf3+ 26. Kh1 Nd2+ 27. Bg2 Qa2 28. Rb2 Qa3 29. Rc2 Qxb4 30. Rcc7 Qb3 31. Rxb7 Qa2 32. Qe1 Ne4 33. Bxe4 fxe4 34. Qc3 Qd5 35. Qe3 Rd1+ 36. Kg2 Qh5 37. Qxe4 Qd5 38. Ra7 Kh8 39. Rxh7+ Kg8 40. Rhg7+ Kh8 41. Qxd5 Rxd5 42. Rxg6 1-0

[Event "Manavgat Turkey Cup"]
[Site "Manavgat"]
[Date "2016.01.30"]
[Round "1"]
[White "Erdeniz, Mehmet"]
[Black "Tirak, Mert"]
[Result "0-1"]
[WhiteElo "1651"]
[BlackElo "1915"]
[PlyCount "94"]
[EventDate "2016.01.30"]
[EventType "swiss"]
[EventRounds "11"]
[EventCountry "TUR"]
[SourceTitle "CBM 170 Extra"]
[Source "ChessBase"]
[SourceDate "2016.02.25"]
[SourceVersion "1"]
[SourceVersionDate "2016.02.25"]
[SourceQuality "1"]

1. e4 c5 2. d4 cxd4 3. c3 Nf6 4. e5 Nd5 5. Bc4 Nb6 6. Bb3 e6 7. cxd4 d6 8. f4 dxe5 9. Nf3 exd4 10. 0-0 Nc6 11. Nbd2 Be7 12. Ne4 0-0 13. Nfg5 h6 14. h4 Nd5 15. Qh5 b6 16. Rf3 f5 17. Qg6 hxg5 18. Bxd5 exd5 19. Nxg5 Bxg5 20. hxg5 Qe8 21. Qd6 Qe6 22. Qa3 Bb7 23. Bd2 Qe2 24. Rf2 Qe7 25. Qh3 Qf7 26. Rf3 Rfe8 27. Qh4 Qg6 28. g4 Bc8 29. gxf5 Bxf5 30. a4 Kf7 31. a5 Rh8 32. Qf2 Qh5 33. Qg2 Be4 34. Kf2 Qxf3+ 35. Qxf3 Bxf3 36. Kxf3 Rh2 37. Be1 Rxb2 38. axb6 Rxb6 39. f5 Ne5+ 40. Kg2 Rb2+ 41. Kf1 Nc4 42. Bf2 Ne3+ 43. Bxe3 dxe3 44. Ra6 Rc8 45. Rxa7+ Kg8 46. Ra1 d4 47. g6 d3 0-1

[Event "TUR-chT2"]
[Site "Konya"]
[Date "2015.07.31"]
[Round "9.10"]
[White "Karaokcu, Erkin"]
[Black "Tirak, Mert"]
[Result "1-0"]
[WhiteElo "2097"]
[BlackElo "1951"]
[PlyCount "71"]
[EventDate "2015.07.25"]
[EventType "team-swiss"]
[EventRounds "9"]
[EventCountry "TUR"]
[SourceTitle "EXT 2017"]
[Source "ChessBase"]
[SourceDate "2016.10.25"]
[SourceVersion "1"]
[SourceVersionDate "2016.10.25"]
[SourceQuality "1"]
[WhiteTeam "Ankara Odtu"]
[BlackTeam "Adana Dahi"]
[WhiteTeamCountry "TUR"]
[BlackTeamCountry "TUR"]

1. Nf3 Nf6 2. g3 g6 3. Bg2 Bg7 4. 0-0 0-0 5. d4 d6 6. Re1 Nbd7 7. e4 e5 8. Nc3 c6 9. a4 a5 10. h3 Re8 11. d5 cxd5 12. exd5 Nb6 13. Nd2 Nh5 14. Nde4 f5 15. Ng5 h6 16. Ne6 Bxe6 17. dxe6 e4 18. g4 Nf6 19. f3 d5 20. gxf5 gxf5 21. Nb5 Rf8 22. Bf4 Ne8 23. fxe4 fxe4 24. Qg4 h5 25. Qg3 Qf6 26. Rf1 Qxe6 27. Nd4 Qf6 28. Be3 Qe5 29. Rxf8+ Kxf8 30. Rf1+ Kg8 31. Qg6 Nc4 32. Ne6 Nc7 33. Bd4 Nxe6 34. Bxe5 Nxe5 35. Qxe6+ Kh8 36. Rf5 1-0

[Event "TUR-chT2"]
[Site "Konya"]
[Date "2015.07.26"]
[Round "2.8"]
[White "Unver, Cumali"]
[Black "Tirak, Mert"]
[Result "1/2-1/2"]
[WhiteElo "2060"]
[BlackElo "1951"]
[PlyCount "56"]
[EventDate "2015.07.25"]
[EventType "team-swiss"]
[EventRounds "9"]
[EventCountry "TUR"]
[SourceTitle "CBM 167 Extra"]
[Source "ChessBase"]
[SourceDate "2015.09.14"]
[SourceVersion "1"]
[SourceVersionDate "2015.09.14"]
[SourceQuality "1"]
[WhiteTeam "Hatay Samandag"]
[BlackTeam "Adana Dahi"]
[WhiteTeamCountry "TUR"]
[BlackTeamCountry "TUR"]

1. e4 c5 2. Nf3 d6 3. Bb5+ Nd7 4. c3 Ngf6 5. Qe2 a6 6. Ba4 b5 7. Bc2 e6 8. d4 Be7 9. 0-0 0-0 10. a4 Rb8 11. axb5 axb5 12. Re1 Qb6 13. dxc5 Nxc5 14. b4 Ncd7 15. Be3 Qc7 16. Nd4 Qb7 17. Ra5 Nxe4 18. Rxb5 Qa8 19. Ra5 Qb7 20. Ra7 Qxa7 21. Nc6 Qb7 22. Bxe4 Nf6 23. Bf3 d5 24. Nxe7+ Qxe7 25. Bc5 Qc7 26. Bxf8 Kxf8 27. Qd3 Bd7 28. Nd2 Bb5 1/2-1/2

[Event "Manavgat Turkey Cup"]
[Site "Manavgat"]
[Date "2015.02.04"]
[Round "7"]
[White "Yurtseven, Melih"]
[Black "Tirak, Mert"]
[Result "1-0"]
[WhiteElo "2386"]
[BlackElo "1854"]
[PlyCount "105"]
[EventDate "2015.01.31"]
[EventType "swiss"]
[EventRounds "11"]
[EventCountry "TUR"]
[SourceTitle "CBM 164 Extra"]
[Source "ChessBase"]
[SourceDate "2015.03.02"]
[SourceVersion "1"]
[SourceVersionDate "2015.03.02"]
[SourceQuality "1"]

1. e4 c5 2. Nf3 d6 3. c3 Nf6 4. Bc4 Nc6 5. Qe2 g6 6. h3 Bg7 7. Bb3 0-0 8. 0-0 Rb8 9. d4 e6 10. dxc5 dxc5 11. Bf4 Ra8 12. Rd1 Qb6 13. Na3 a6 14. Bd6 Re8 15. Qe3 Nd7 16. Nc4 Qa7 17. a4 b6 18. h4 Na5 19. Ba2 Nxc4 20. Bxc4 Qb7 21. h5 Nf6 22. hxg6 fxg6 23. Re1 Qc6 24. e5 Nd5 25. Qg5 Bf8 26. Bd3 Ra7 27. c4 Nb4 28. Be4 Qd7 29. Bxg6 hxg6 30. Qxg6+ Bg7 31. Ng5 Re7 32. Re4 Nd3 33. Rd1 Bb7 34. Qh7+ Kf8 35. Rxd3 Bxe4 36. Nxe4 Qxa4 37. Bxe7+ Rxe7 38. Rf3+ Rf7 39. Rxf7+ Kxf7 40. Ng5+ Ke8 41. Qg8+ Kd7 42. Qxg7+ Kc6 43. Qf7 Qxc4 44. Qxe6+ Qxe6 45. Nxe6 Kd5 46. Nc7+ Kxe5 47. Nxa6 c4 48. Kf1 b5 49. Ke2 Ke4 50. Kd2 Kd4 51. g4 Ke4 52. g5 Kd5 53. Nc7+ 1-0